000 01429cad a22003135a 4500
001 L141393
002 16857
008 071121s2007 xxkado f 000 0 eng d
020 _a9781405144032
_a9780470691403
035 _a(Sirsi) u141393
041 0 _aeng
050 0 4 _a333.77 $2 22
245 0 0 _aSustainable brownfield regeneration
_h[electronic resource]
260 _aOxford
_bBlackwell
_c2007
300 _aeBook
505 2 _aRegeneration -- Remediation -- Joined-up solutions
520 _aDescribes UK the processes and practices active in UK brownfield regeneration, and the policies driving them. Examines ways that science and social science research can be brought together in order to address the challenges posed by brownfield regeneration. Aims to assess the efficiency and effectiveness of the various strands of regeneration policy. Examines these in practice and attempts to show how problem places can be transformed into residential spaces. Focus is given to the Thames Gateway and Greater Manchester.
521 2 _aAdvanced
590 _aKA
650 2 4 _aEBOOK
651 4 _aUnited Kingdom
_y
690 _aPROPERTY-PROPERTY MANAGEMENT-REGENERATION
700 1 _aDixon, Tim
_eEditor
700 1 _aRaco, Mike
700 1 _aCatney, Philip
700 1 _aLerner, David N.
856 4 8 _uhttps://www.vlebooks.com/
_zView on VLEbooks. Logins for members only from [email protected]
942 _n0
999 _c107643
_d107643